Journeys 1 : Reading

Đã lưu trong:
書目詳細資料
主要作者: Lebauer, Roni
格式: 圖書
語言:Undetermined
出版: Singapore Simon & Schuster 1997
主題:
標簽: 添加標簽
沒有標簽, 成為第一個標記此記錄!
Thư viện lưu trữ: Trung tâm Học liệu Trường Đại học Cần Thơ
LEADER 00562nam a2200217Ia 4500
001 CTU_94056
008 210402s9999 xx 000 0 und d
020 |c 90000 
082 |a 428.24 
082 |b L441/B.1 
100 |a Lebauer, Roni 
245 0 |a Journeys 1 : 
245 0 |b Reading 
245 0 |c Roni Lebauer, Steven Brown 
260 |a Singapore 
260 |b Simon & Schuster 
260 |c 1997 
650 |a English language,Reading 
650 |x Study and teaching 
904 |i Tuyến 
980 |a Trung tâm Học liệu Trường Đại học Cần Thơ